Visualizzazione normale
Vista MARC
- Schumann Robert
di Personal Name
Records bibliografici associati: 1
001 - CONTROL NUMBER
- control field: 31408
003 - CONTROL NUMBER IDENTIFIER
- control field: IT-RoPau
005 - DATE AND TIME OF LATEST TRANSACTION
- control field: 20140623145342.0
008 - FIXED-LENGTH DATA ELEMENTS
- fixed length control field: 140623|| aca||aabn | a|a d
040 ## - CATALOGING SOURCE
- Original cataloging agency: IT-RoPau
- Transcribing agency: IT-RoPau
100 ## - HEADING--PERSONAL NAME
- Personal name: Schumann Robert
- Dates associated with a name: Codice autore musica SPICS: 11150
- Relator term: Autore musica
- Name of part/section of a work: Drei Romanzen op.28 - Arabeske op.18 - Waldszenen op.82 - Bunte Blatter op.99
670 ## - SOURCE DATA FOUND
- Source citation: Work cat.: (IT-RoPau)102636: Brahms Johannes 1441, Vier Balladen op. 10